<?xml version="1.0" encoding="UTF-8"?>
<collection xmlns="http://www.loc.gov/MARC21/slim">
 <record>
  <leader>01367nam a2200397   4500</leader>
  <controlfield tag="001">DLU080061694</controlfield>
  <controlfield tag="005">##20080107</controlfield>
  <controlfield tag="008">##031023s2004    maua          001 0 eng  </controlfield>
  <datafield tag="010" ind1="#" ind2="#">
   <subfield code="a">  2003114513</subfield>
  </datafield>
  <datafield tag="020" ind1="#" ind2="#">
   <subfield code="a">0072835591 (pbk. : alk. paper)</subfield>
  </datafield>
  <datafield tag="040" ind1="#" ind2="#">
   <subfield code="a">DLC</subfield>
   <subfield code="c">DLU</subfield>
   <subfield code="d">DLU</subfield>
  </datafield>
  <datafield tag="050" ind1="#" ind2="#">
   <subfield code="a">QA76.9.D3</subfield>
   <subfield code="b">O384 2003b</subfield>
  </datafield>
  <datafield tag="082" ind1="#" ind2="#">
   <subfield code="a">005.756</subfield>
   <subfield code="b">OL-T</subfield>
  </datafield>
  <datafield tag="100" ind1="#" ind2="#">
   <subfield code="a">O'Leary, Timothy J.,</subfield>
   <subfield code="d">1947-</subfield>
  </datafield>
  <datafield tag="245" ind1="#" ind2="#">
   <subfield code="a">Microsoft Office Access 2003 /</subfield>
   <subfield code="c">Timothy J. O'Leary, Linda I. O'Leary.</subfield>
  </datafield>
  <datafield tag="246" ind1="#" ind2="#">
   <subfield code="a">Office Access 2003, introductory ed.</subfield>
  </datafield>
  <datafield tag="250" ind1="#" ind2="#">
   <subfield code="a">Introductory ed.</subfield>
  </datafield>
  <datafield tag="260" ind1="#" ind2="#">
   <subfield code="a">Boston :</subfield>
   <subfield code="b">McGraw-Hill Technology Education,</subfield>
   <subfield code="c">c2004.</subfield>
  </datafield>
  <datafield tag="300" ind1="#" ind2="#">
   <subfield code="a">1 v. (various pagings) :</subfield>
   <subfield code="b">col. ill. ;</subfield>
   <subfield code="c">28 cm.</subfield>
  </datafield>
  <datafield tag="500" ind1="#" ind2="#">
   <subfield code="a">Includes index.</subfield>
  </datafield>
  <datafield tag="630" ind1="#" ind2="#">
   <subfield code="a">Microsoft Access.</subfield>
  </datafield>
  <datafield tag="650" ind1="#" ind2="#">
   <subfield code="a">Database management.</subfield>
  </datafield>
  <datafield tag="700" ind1="#" ind2="#">
   <subfield code="a">O'Leary, Linda I.</subfield>
  </datafield>
  <datafield tag="856" ind1="#" ind2="#">
   <subfield code="3">Table of contents only</subfield>
   <subfield code="u">http://www.loc.gov/catdir/enhancements/fy0615/2003114513-t.html</subfield>
  </datafield>
  <datafield tag="856" ind1="#" ind2="#">
   <subfield code="3">Contributor biographical information</subfield>
   <subfield code="u">http://www.loc.gov/catdir/enhancements/fy0735/2003114513-b.html</subfield>
  </datafield>
  <datafield tag="856" ind1="#" ind2="#">
   <subfield code="3">Publisher description</subfield>
   <subfield code="u">http://www.loc.gov/catdir/description/mh051/2003114513.html</subfield>
  </datafield>
  <datafield tag="923" ind1="#" ind2="#">
   <subfield code="a">25/2007</subfield>
  </datafield>
  <datafield tag="992" ind1="#" ind2="#">
   <subfield code="a">27650</subfield>
  </datafield>
  <datafield tag="994" ind1="#" ind2="#">
   <subfield code="a">DLU</subfield>
  </datafield>
  <datafield tag="900" ind1="#" ind2="#">
   <subfield code="a">True</subfield>
  </datafield>
  <datafield tag="911" ind1="#" ind2="#">
   <subfield code="a">Trương Bảo Trâm Anh</subfield>
  </datafield>
  <datafield tag="925" ind1="#" ind2="#">
   <subfield code="a">G</subfield>
  </datafield>
  <datafield tag="926" ind1="#" ind2="#">
   <subfield code="a">A</subfield>
  </datafield>
  <datafield tag="927" ind1="#" ind2="#">
   <subfield code="a">SH</subfield>
  </datafield>
  <datafield tag="980" ind1="#" ind2="#">
   <subfield code="a">Thư viện Trường Đại học Đà Lạt</subfield>
  </datafield>
 </record>
</collection>
